Vplyv vybraných druhov chladív na návrh výmenníkov tepla chladiaceho okruhu
Salvato in:
| Autore principale: | |
|---|---|
| Altri autori: | |
| Natura: | Manoscritto Libro |
| Lingua: | slovacco |
| Pubblicazione: |
2017
|
| Soggetti: | |
| Accesso online: | http://is.stuba.sk/zp/portal_zp.pl?podrobnosti=133139 |
| Tags: |
Nessun Tag, puoi essere il primo ad aggiungerne!!
|
MARC
| LEADER | 00000ntm a22000003a 4500 | ||
|---|---|---|---|
| 001 | stuzp63850 | ||
| 003 | SK-STU | ||
| 005 | 20170624212901.0 | ||
| 007 | ta | ||
| 008 | 150427s2015----xo-----f-mn---000-0-slo-d | ||
| 040 | |a STU |b slo | ||
| 041 | 0 | |a slo | |
| 100 | 1 | |a Chmelo, Lukáš |u 020060 |4 aut |U SjF Strojnícka fakulta |T SjF Ústav energetických strojov a zariadení |X 76327 |U J0060 |Y 805 |7 76327 | |
| 242 | 0 | 1 | |a Impact of chosen refrigerants on the design of heat exchangers in cooling cycle |y eng |
| 245 | 1 | 0 | |a Vplyv vybraných druhov chladív na návrh výmenníkov tepla chladiaceho okruhu |
| 260 | |c 2017 | ||
| 650 | 4 | |a kondenzátor |2 slo | |
| 650 | 4 | |a chladivá: R 134a, R 410A, R 717, R 600a |2 slo | |
| 650 | 4 | |a výparník |2 slo | |
| 650 | 4 | |a TEWI |2 slo | |
| 650 | 4 | |a teplovýmenná plocha |2 slo | |
| 650 | 4 | |a a heat transfer surface |2 eng | |
| 650 | 4 | |a TEWI |2 eng | |
| 650 | 4 | |a a condenser |2 eng | |
| 650 | 4 | |a refrigerants: R 134a, R 410A, R 717, R 600a |2 eng | |
| 650 | 4 | |a an evaporator |2 eng | |
| 700 | 1 | |a Šustek, Jaroslav |u 020060 |k Z2 |4 ths |U SjF Strojnícka fakulta |T SjF Ústav energetických strojov a zariadení |X 41391 |U J0060 |Y 805 |7 A000041391 | |
| 856 | 4 | |u http://is.stuba.sk/zp/portal_zp.pl?podrobnosti=133139 | |
| 996 | |b 284J045151 |c J* 2621/BP |l JJSK |s A |a 24 |w stuzp63850_0001 | ||